Statistics for Nimona Characters (Book)

Click here to take the quiz!

General Stats

  • This quiz has been taken 6 times
  • The average score is 5 of 6

Answer Stats

Answer% Correct
Ballister
100%
Nimona
100%
Ambrosius
83%
The Director
83%
Gloreth
50%
Meredith
33%

Score Distribution

Percentile by Number Answered

Percent of People with Each Score

Your Score History

You have not taken this quiz